000 00468nam a2200181Ia 4500
003 OSt
005 20250820145038.0
008 250729s2005 xx 000 0 und d
040 _cAL
041 _aeng
082 _a371.4 KOCG
100 _aKochar s K
_9221660
245 _aGuence and counseling in colleges and Universities
260 _aNew Delhi
_bSterling Publication
_c2005
300 _a462p
650 _aGuidence Counselling
_9221661
942 _2ddc
_cBED
999 _c235117
_d235117